MARC

LEADER 00000nam0a2200000 4500
001 239829
005 20231101231711.0
010 |a 5020169315 
035 |a (RuTPU)RU\TPU\book\261056 
090 |a 239829 
100 |a 20130615d1990 m y0rusy50 ca 
101 0 |a rus 
102 |a RU 
105 |a y z 001zy 
200 1 |a "Конфликтная политика" США на Ближнем и Среднем Востоке   |e середина 70-х - вторая половина 80-х годов  |f И. Д. Звягельская   |g Академия наук СССР (АН СССР), Институт востоковедения (ИВ) 
210 |a Москва  |c Наука  |d 1990 
215 |a 189 с. 
320 |a Библиогр.: с. 182-188. 
606 1 |a Международные конфликты  |2 stltpush  |3 (RuTPU)RU\TPU\subj\41927  |9 61695 
606 1 |a Всеобщая история  |2 stltpush  |3 (RuTPU)RU\TPU\subj\3762 
610 1 |a региональные конфликты 
610 1 |a Ближний Восток 
610 1 |a Средний Восток 
610 1 |a США 
610 1 |a военно-политические конфликты 
610 1 |a конфликтное поведение 
610 1 |a военно-силовые методы 
686 |a Ф4(7США)9  |v LBC/SL-A  |2 rubbk 
686 |a Т3(5)  |v LBC/SL-A  |2 rubbk 
700 1 |a Звягельская  |b И. Д. 
712 0 2 |a Академия наук СССР (АН СССР)  |b Институт востоковедения (ИВ)  |c (Москва)  |2 stltpush  |3 (RuTPU)RU\TPU\col\11263 
801 1 |a RU  |b 63413507  |c 20130615 
801 2 |a RU  |b 63413507  |c 20130627  |g RCR 
942 |c BK